Tập viết chữ Hoa Soạn theo giáo trình 301 câu đàm thoại tiếng Hoa (có đối chiếu chữ phồn thể)
Gorde:
| Egile nagusia: | |
|---|---|
| Formatua: | Liburua |
| Argitaratua: |
T.P. Hồ Chí Minh
Trẻ
2008
|
| Edizioa: | In lần thứ 5 |
| Gaiak: | |
| Etiketak: |
Etiketa erantsi
Etiketarik gabe, Izan zaitez lehena erregistro honi etiketa jartzen!
|
| Thư viện lưu trữ: | Trung tâm Học liệu Lê Vũ Hùng, Trường Đại học Đồng Tháp |
|---|
| LEADER | 00869pam a22002418a 4500 | ||
|---|---|---|---|
| 001 | 00044010 | ||
| 005 | 20190409160424.0 | ||
| 008 | 110505s1997 ||||||Viesd | ||
| 020 | # | # | |c 11000 |
| 041 | 0 | # | |a Vie |
| 082 | 1 | # | |a 495.1 |b T123V |
| 100 | 1 | # | |e Biên soạn |a Đỗ, Chiêu Đức |
| 245 | 0 | 0 | |b Soạn theo giáo trình 301 câu đàm thoại tiếng Hoa (có đối chiếu chữ phồn thể) |a Tập viết chữ Hoa |c Đỗ Chiêu Đức (b.s.) |
| 250 | # | # | |a In lần thứ 5 |
| 260 | # | # | |a T.P. Hồ Chí Minh |b Trẻ |c 2008 |
| 300 | # | # | |a 112 tr. |c 21 cm |
| 653 | # | # | |a Ngôn ngữ |
| 653 | # | # | |a Thực hành |
| 653 | # | # | |a Tiếng Trung |
| 653 | # | # | |a Tập viết |
| 852 | # | # | |j KM.0028434 |j KD.0025241 |
| 910 | # | # | |d 9/4/2019 |
| 980 | # | # | |a Trung tâm Học liệu Lê Vũ Hùng, Trường Đại học Đồng Tháp |